| 000 | 01286cam a2200229 4500 | ||
|---|---|---|---|
| 001 | ABS66664 | ||
| 008 | 030529n2003 000 0 eng u | ||
| 035 | _a(Sirsi) u122470 | ||
| 100 | _aEl-Haram, M. | ||
| 245 | _aApplication of the principles of ILS to the development of cost effective maintenance strategies for existing building stock | ||
| 260 | _c2003 | ||
| 490 |
_aConstruction Management and Economics _v21(3) May 2003, 283-296(13) |
||
| 520 | _aReports the results of a research project which sought to quantify the benefits of applying integrated logistics support (ILS) to the development of cost-effective maintenance strategies for existing building stock. Argues that any significant reduction in building maintenance costs would have a real impact on the national economy. The principles of ILS are described as a systematic framework for selecting the most appropriate and cost-effective maintenance task for each individual element in a building. Tables, diagrams and references. | ||
| 590 | _aABS | ||
| 650 | _aINTEGRATED LOGISTICS SUPPORT | ||
| 650 | _aWHOLE LIFE COSTS | ||
| 650 | _aBUILT ENVIRONMENT-BUILDING COSTS | ||
| 650 | _aMAINTENANCE COSTS | ||
| 690 | _aBUILDING AND CONSTRUCTION-REPAIRS AND MAINTENANCE | ||
| 700 | _aHorner, R. | ||
| 942 | _n0 | ||
| 999 |
_c72794 _d72794 |
||